Holiday Quiz

Random Holiday or Judaism Quiz
Score 0/22 Timer 02:30
1 Play Today
Hint 3-letter word % Correct
Not nearFAR
96.8%
Waiter's rewardTIP
96.2%
Animal's coatFUR
96.2%
Obese or plumpFAT
95.7%
Highest point or playthingTOP
94.8%
Noah's boatARK
94.8%
Strike or punchHIT
94%
Male pronounHIM
93.9%
Jerry's partnerTOM
93%
Warmer than warmHOT
92.8%
Body/chair partARM
92.3%
Hint 3-letter word % Correct
Suitable or healthyFIT
91.6%
Target or aspirationAIM
90.9%
Nearest starSUN
88.9%
✡️ [Rung 1] + ___ [Rung 11] ✡️✡️ KIP ✡️
77.9%
✡️ [Rung 1] + [Rung 5] ___ ✡️✡️ PUR ✡️
77.3%
Equipment or outfitKIT
77.2%
✡️ ___ + [Rung 5] [Rung 11] ✡️✡️ YOM ✡️
76.5%
Bit of humorPUN
75.5%
Diving sea birdAUK
61.2%
✡️ ___ [Rung 22] ✡️✡️ SUK ✡️
59.5%
✡️ [Rung 14] ___ ✡️✡️ KOT ✡️
45.4%
Remove Ads.
Support Sporcle.
Get the best of Sporcle when you Go Orange. This ad-free experience offers more features, more stats, and more fun while also helping to support Sporcle. Thank you for becoming a member.

You're not logged in!

Compare scores with friends on all Sporcle quizzes.
OR
Log In

Sporcle TV

Today on Sporcle TV


Watch our educational content, quiz creation guides, and fun videos on Sporcle TV.

Show Comments

Extras

Top Quizzes Today


Score Distribution

Paid Content

Your Account Isn't Verified!

In order to create a playlist on Sporcle, you need to verify the email address you used during registration. Go to your Sporcle Settings to finish the process.

Report this User

Report this user for behavior that violates our Community Guidelines.

Details: